| 000 | 00846nam a22002897a 4500 | ||
|---|---|---|---|
| 001 | 200462215 | ||
| 003 | TR-AnTOB | ||
| 005 | 20240806103351.0 | ||
| 008 | 240806b tu ||||| |||| 00| 0 tur d | ||
| 020 | _a9786051372129 | ||
| 040 |
_btur _erda _cTR-AnTOB _aTR-AnTOB |
||
| 041 | 0 | _aeng | |
| 092 |
_a819.2 _bEMR 2013 |
||
| 100 | 0 |
_aYunus Emre. _eAuthor |
|
| 245 | 1 | 2 |
_aA Journey to the beloved : _cYunus Emre ; ed.: Hasan Erbay . |
| 250 | _a1.bs. | ||
| 260 |
_aAnkara : _bTOBB, _c2013. |
||
| 336 |
_adokunsal metin _btct _2rdacontent |
||
| 337 |
_aaracısız _bm _2rdamedia |
||
| 338 |
_acilt _bnc _2rdacarrier |
||
| 650 | 0 | _aYunus Emre, d. 1320? --Criticism and interpretation. | |
| 650 | 0 | _aYunus Emre, d. 1320? | |
| 700 |
_aErbay, Hasan _eeditor _9105231 |
||
| 942 |
_2ddc _cBK |
||
| 999 |
_c200462215 _d80427 |
||